Steely Dan Songs to Lyrics - Statistics

General Stats
  • This quiz has been taken 138 times
  • The average score is 10 of 15
Answer Stats
Hint Answer % Correct
In the mornin' you go gunnin', for the man who stole your water,And you fire 'til he's done in, but they catch you at the border Do It Again
85%
Learn to play the saxophone,I play just what I feel, Drink scotch whisky all night long, And die behind the wheel Deacon Blues
83%
Well, you wouldn't even know a diamond if you held it in your hand,The things you think are precious, I can't understand Reelin' in the Years
83%
I've seen your picture,Your name in lights above it, This is your big debut, It's like a dream come true Peg
80%
Light the candle, lock the door,You have sent the maid home early, Like a thousand times before Dirty Work
77%
Well, I hear the whistle but I can't go, I'm gonna take her down to Mexico,She said, oh no Guadalajara won't do My Old School
73%
You tell yourself you're not my kind,But you don't even know your mind, And, you could have a change of heart Rikki Don't Lose That Number
72%
Is there gas in the car?Yes, there's gas in the car Kid Charlemagne
67%
In the corner,Of my eye, I saw you at Rudy's, You were very high (You, were high!) Black Cow
65%
So good,She's the pride of the neighborhood, She's the raw flame, the live wire, She prays like a Roman with her eyes on fire Josie
64%
Chinese music under banyan trees,Here at the dude ranch, above the sea Aja
57%
The Cuervo Gold, the fine Colombian, Make tonight a wonderful thing Hey Nineteen
56%
Katy tried,I was halfway crucified, I was on the other side, Of no tomorrow Doctor Wu
53%
Turn west on Sunset, To the sea, Turn that jungle music down, Just until we're out of town Babylon Sisters
35%
Who's this kinky so-and-so? Haitian Divorce
33%
No matching quizzes found
Score Distribution
Percent of People with Each Score
Percentile by Number Answered
Your Score History
You have not taken this quiz